000 00460cam a2200169 a 4500
020 _a0334024889 :
041 _aENG
082 0 0 _a238.11
_bYOU
100 1 _aYoung, Frances M.
245 1 4 _aThe making of the creeds
260 _aLondon :
_bSCM Press ;
_aPhiladelphia :
_bTrinity Press International,
_c1991.
300 _axii, 115 p. :
_bill. ;
650 0 _aRule of faith.
650 0 _aTheology, Doctrinal.
650 0 _aTheology, Doctrinal
942 _cBK
999 _c22454
_d22454